=LDR 00000nam 2200000 4500 =001 INLIS000000000028639 =005 20130612130928 =008 ***********************************Ind** =035 ##$$a0010-061300000028639 =041 ##$$a Ind =082 ##$$a 340.115 =090 ##$$a 340.115, Sal b =100 ##$$a Salman, Otje R =245 ##$$a beberapa aspek sosiologi hukum, Dr. R. Otje Salman, SH =260 ##$$a 1989 $b Bandung =300 ##$$a x, 98 hlm, 21 cm =650 ##$$a Hukum =850 ##$$a NBPNMAT =990 ##$$a 92735/BPAP-NTB/2014